000 00577nam a22001937a 4500
005 20251108165337.0
008 250721s1989 xx 000 0 ara d
082 1 4 _aم/005.74/دلي
100 1 _aتقوى، محمد بسام
245 1 0 _aالدليل العربي لبرنامج DBASEIV /
264 1 _aدمشق :
_bدار الفكر : نيلوفر،
_c1989.
300 _aج
650 1 7 _aالحواسيب
650 1 7 _aقواعد البيانات
700 1 _aهاشم، أحمد
700 1 _aطيان، محمد بشار
942 _2ddc
_cREF
999 _c25588
_d25588